000 01414nam a2200205Ia 4500
003 Ost
005 20260507075649.0
008 260507s9999||||xx |||||||||||||| ||und||
040 _cfsecg
041 _aara
082 _a658.913321
100 _aالراوي، خالد وهيب
_eمؤلف
245 0 _aإدارة العمليات المصرفية /
_c خالد وهيب الراوي
260 _aعمان:
_bدار المناهج للنشر والنوزيع,
_c2001
300 _aط 2 صفحة؛
_bإيضاحات ؛
_c24 سم
520 _aالجهاز المالي والمصرفي في الأردن- التطورات الإئتمانية والنقدية- البنك المركزي الأردني ودوره في التنمية- تطور النظام المالي المصرفي في الاردن- أنواع المصارف ووظائفها- المفاهيم الحديثة في استخدمات الأموال في المصارف التجارية- مصادر تمويل المصارف التجارية- تنمية وإدارة مصادر تمويل المصرفي التجاري- القوائم المالية للمصرف التجاري- تحليل القوائم المالية- الحولات- الكفاءات- الإعتمادات المستندية- الكمبيالات- البنوك الإسلامية.
653 _aالبنوك- الأردن
653 _aالمصارف
942 _cكتاب
999 _c45549
_d45549